000 00419nam a2200133 a 4500
001 000045666
005 20201002052357.0
008 150422s1972 000 spa d
040 _aDO-SdBNP
_bspa
_cBNPHU
245 0 _aPoesía 71 :. :
_bcultura popular.
260 _aBarahona, República Dominicana, :
_bSociedad Cultural Los Buenos Amigos",
_c1972.
300 _a31 p. : ;
_c21 cm.
500 _aPrimer concurso literario
999 _c45155
_d45155